000 00444nam a2200181Ia 4500
003 OSt
005 20220531164115.0
008 210210b1960 xxu||||| |||| 00| 0 eng d
040 _cAL
041 _aeng
082 _a590/74
100 _aEATON (T H)
_939829
245 _aComparative anatomy of the vertebrates
260 _aLondon
_bOxford & I B H Publishing Co.
_c1960
690 _aZoology
_939830
906 _a010648
942 _2ddc
_cBK
999 _c138418
_d138418